Scansion d'un hexamètre dactylique 2 - Statistiques

Statistiques générales
  • Ce quiz a été pris 32 fois
  • Le résultat moyen est 3 sur 8
Answers on the Grid
Answers color-coded by a green-red scale on the quiz's grid according to % correct below.
con
si
li
um
ti (1)
bi
nul
la
fu
it
cle
men
ti (2)
a
prae
sto
 
Statistiques - réponses
Réponse % Correct
con
77%
prae
46%
um
46%
it
38%
men
38%
nul
31%
cle
23%
sto
23%
Aucun quiz correspondant
Distribution des résultats
% des personnes avec chaque résultat
Percentile par nombre de réponses
Votre historique - résultats
Vous n’avez pas pris ce quiz